| 000 | 00471nam a2200193Ia 4500 | ||
|---|---|---|---|
| 003 | GCL | ||
| 008 | 140319s9999 xx 000 0 eng d | ||
| 040 |
_aGCL / _cGCL |
||
| 082 | 0 | 4 |
_a843 _bBD |
| 100 | 1 | _aBONNET, JEAN-CLAUDE | |
| 245 | 1 | 0 |
_aDIDEROT / _cBONNET, JEAN-CLAUDE |
| 260 |
_a[S.N] : _bLE LIVRE DE POCHE ، _c1984 |
||
| 300 | _a384 | ||
| 650 | 0 | 4 | _aLITERATURE |
| 650 | 0 | 4 | _aFRENCH LITERATURE |
| 650 | 0 | 4 | _aDIDEROT |
| 650 | 0 | 4 | _aBIOGRAPHIES |
| 942 |
_2ddc _cBK |
||
| 999 |
_c25362 _d25362 |
||